| 000 | 00375 a2200133 4500 | ||
|---|---|---|---|
| 005 | 20250609131710.0 | ||
| 020 | _a0-8108-1101-4 | ||
| 082 | _a 967.8003 KUR | ||
| 100 | _aKURTZ, L. | ||
| 245 | _aHistorical Dictionary of Tanzania | ||
| 260 |
_aLondon, _bThe Scarecrow Press, _c1978. |
||
| 300 |
_axxxi, 331p.: Ill.; map. _bBibliographical references _c24cm. |
||
| 942 |
_2ddc _cBKS |
||
| 999 |
_c3521 _d3521 |
||